Half/half: Actresses 2 [pic] - Statistics

General Stats
  • This quiz has been taken 27 times
  • The average score is 5 of 16
Answer Stats
Picture Answer % Correct
Helena Bonham Carter
80%
Judi Dench
80%
Salma Hayek
60%
Sophia Loren
56%
Sandra Oh
44%
Jessica Alba
36%
Eva Green
32%
Lupita Nyong'o
24%
Priyanka Chopra
24%
Romy Schneider
16%
Audrey Tautou
12%
Kelly Macdonald
12%
Oona Chaplin
12%
Kristin Kreuk
4%
Alice Braga
0%
Shohreh Aghdashloo
0%
No matching quizzes found
Score Distribution
Percent of People with Each Score
Percentile by Number Answered
Your Score History
You have not taken this quiz